| 000 | 00676nam a2200229 a 4500 | ||
|---|---|---|---|
| 005 | 20221019063609.0 | ||
| 008 | 160317s2000 mx r 000 0 spa d | ||
| 020 | _a9505822681 | ||
| 035 | _aUPN01000209125 | ||
| 049 | _aCG | ||
| 050 | 4 |
_aHV40 _bA4.2 2000 |
|
| 100 | 1 |
_aAlayón, Norberto Ricardo, _d1945- _930351 |
|
| 245 | 1 | 0 |
_aAsistencia y asistencialismo : _b¿pobres controlados o erradicación de la pobreza? / _cNorberto Alayón. |
| 250 | _a3a ed. | ||
| 260 |
_aBuenos Aires : _bLumen, _c2000. |
||
| 300 | _a192 p. | ||
| 650 | 4 |
_aTrabajo social _96125 |
|
| 650 | 7 |
_aAsistencia social _2 _96249 |
|
| 650 | 2 |
_aPobreza _91196 |
|
| 905 | _aLibro | ||
| 999 |
_c181226 _d181226 |
||